000 00537nam a2200181Ia 4500
008 090122s9999 xx 000 0 und d
082 _b12501
100 _aआपटे
_bवा
_cशि
245 _aचिंता का करता
260 _bसरिता प्रकाशन
_c1991
300 _a138
501 _aभेट - अनामिक
600 _aआपटे
630 _aचिंता का करता
700 _aआपटे
730 _aचिंता का करता
942 _cBOOK
999 _c36578
_d36578